|
|
|
|
| LEADER |
00000cam a2200000 7i4500 |
| 001 |
0000005020 |
| 005 |
20090719.0 |
| 008 |
090719 my v may |
| 040 |
|
|
|a INS
|
| 090 |
0 |
0 |
|a VCD 1714
|
| 245 |
1 |
0 |
|a Technical Talk :
|b Property development and its current issues [
|h video disc]
|c by Megat Mohamad Ghazali :
|b 5 December 1996
|
| 260 |
|
|
|a Bangi :
|b Institut Penilaian Negara ,
|c 1996
|
| 300 |
|
|
|a 1 videodisc (1 hours 25 min.) :
|b sd., col. ;
|c 4 3/4 in.
|
| 500 |
|
|
|a Also available in format VHS 681
|
| 710 |
1 |
|
|a Institut Penilaian Negara
|
| 999 |
|
|
|a VCD0001714
|b DIGITAL VIDEO CD
|c Media Collection
|e Default branch
|